International Economic Review

Bibliographic Details
Format: eBook
Language:English
Published: Hoboken: Wiley, 1999 -
Subjects:
Online Access:Acceso restringido

MARC

LEADER 00000nam a22000007a 4500
005 20210412225058.0
007 cr|||| ||||
008 210412c19999999ea n|w s|||| 0|||b1eng d
022 |a 0020-6598 
035 |a 32876 
040 |a vLex 
090 |c 11432  |d 11432 
245 0 0 |a International Economic Review  |h [Recurso electrn̤ico] / 
256 |a Servicio en ln̕ea 
260 |a Hoboken:  |b Wiley,  |c 1999 - 
300 |a 1 recurso electrn̤ico 
310 |a Irregular 
506 1 |a Disponible solo en los productos indicados  |d vLex Global  |d vLex Global (Academic Edition, excluding Law Schools)  |d vLex Global (U.S. Academic Edition, Law Schools)  |d vLex Global (U.S. Academic Edition, excluding Law Schools)  |d vLex Global (Academic Edition, Law Schools) 
650 0 4 |a Derecho Pb︢lico y Administrativo  |z Estados Unidos 
650 0 4 |a Derecho Fiscal  |z Estados Unidos 
650 0 4 |a Derecho Internacional  |z Estados Unidos 
740 0 |a vLex Revistas (Servicio en ln̕ea) 
856 4 0 |u https://vlex.com/source/32876  |z Acceso restringido 
942 |c REV 
999 0 |a Public and Administrative Law 
999 0 |a Tax Law 
999 0 |a International Law